What plant where

Bibliographic Details
Main Author: Lancaster, Roy
Format: Book
Published: London : Dorling Kindersley , 1995.
Subjects:

MARC

LEADER 00000cam a2200000 7i4500
001 0000003604
005 20070920.0
020 0 0 |a 0751302104 
090 0 0 |a 635.9   |b LAN 
100 1 0 |a Lancaster, Roy. 
245 0 0 |a What plant where   |c Roy Lancaster. 
260 0 0 |a London :   |b Dorling Kindersley ,   |c 1995. 
300 |a 256p. :   |b col. ill. ;   |c 28cm. 
500 0 0 |a Includes index. 
650 0 0 |a Gardening. 
650 0 0 |a Plants. 
650 0 0 |a Shrubs. 
650 0 0 |a Trees. 
999 |a 0000007200   |b Monograph   |c Open Shelf   |e Default branch